Online Catalogue and eLibrary

Engendering Human Society: (Record no. 2528)

MARC details
000 -LEADER
fixed length control field 00581nam a2200217Ia 4500
005 - DATE AND TIME OF LATEST TRANSACTION
control field 20250122040312.0
008 - FIXED-LENGTH DATA ELEMENTS--GENERAL INFORMATION
fixed length control field 240331s9999 xx 000 0 und d
020 ## - INTERNATIONAL STANDARD BOOK NUMBER
ISBN 1842777793
082 ## - DDC Classification
Item Number - Author Mark ENG
DDC Edition Number 5919
Class No. 305.4
245 #0 - TITLE STATEMENT
Title Engendering Human Society:
Remainder of title Feminist Perspectives
260 ## - PUBLICATION, DISTRIBUTION, ETC.
Place of publication, distribution, etc. London
-- New York
Name of publisher, distributor, etc. Zed Books
Date of publication, distribution, etc. 2006
260 ## - PUBLICATION, DISTRIBUTION, ETC.
Place of publication, distribution, etc. New Delhi
Name of publisher, distributor, etc. Women Unlimited
Date of publication, distribution, etc. 2006
300 ## - PHYSICAL DESCRIPTION
Extent (e.g. Volumes, Pages etc.) xxx, 332 p.,
650 ## - SUBJECT ADDED ENTRY--TOPICAL TERM
Topical term or geographic name entry element Feminism
650 ## - SUBJECT ADDED ENTRY--TOPICAL TERM
Topical term or geographic name entry element Sexuality
650 ## - SUBJECT ADDED ENTRY--TOPICAL TERM
Topical term or geographic name entry element Gender
700 ## - ADDED ENTRY--PERSONAL NAME
Personal name Truong, T. D
Relator term (Role) Editor
700 ## - ADDED ENTRY--PERSONAL NAME
Personal name Wieringa, S
Relator term (Role) Editor
700 ## - ADDED ENTRY--PERSONAL NAME
Personal name Chhachhi, A
Relator term (Role) Editor
942 ## - Koha item type (Biblio)
Koha item type Books in Stacks (Lending)
Holdings
Lost status Damaged status Collection code Home library Current library Shelving location Date acquired Full call number Accession Number Item type
    Lending WERC Library WERC Library Social Science Cupboard 03/31/2024 305.4 ENG 5919 Books in Stacks (Lending)

© WERC Library